000 01649namaa22003371i 4500
005 20260412114341.0
008 260412s1995 ua a|||frm||| 000 0 eng d
040 _aEG-GICUC
_beng
_cEG-GICUC
_dEG-GICUC
_erda
041 0 _aeng
_beng
_bara
049 _aDeposit
097 _aPh.D
099 _aCai01.12.21.Ph.D.1995.El.I
100 0 _aEl-Rashdy Moustafa Mohamed Redwan,
_epreparation.
245 1 0 _aImmune Dependent Chemoprophylaxis of Murine Schistosomiasis Mansoni with Free And Liposome Entrapped oxamniquine /
_cBy El-Rashdy Moustafa Mohamed Redwan ; Supervised Prof. Dr. Rashika El-Ridi, Prof. Dr. Mohamed S. El-Ridy, Dr. Nabil I. Guirguis, Dr. Ahmed Osman
246 1 5 _aمشاركة الجهاز المناعي في الوقاية بالاكزامانكوين المحمل وغير المحمل في ليبوزومات من بلهارسيا المستقيم في الفئران البيضاء
264 0 _c1995.
300 _a213 Leaves
_billustrations
_c30 cm. +
336 _2rda content
_atext
337 _2rdamedia
_aUnmediated
338 _2rdacarrier
_avolume
502 _aThesis (Ph.D)-Cairo University, 1995
504 _aBibliography: pages 188-213
653 0 _aImmune Dependent Chemoprophylaxis of Murine Schistosomiasis
700 0 _aRashika El-Rid
_ethesis advisor.
700 0 _aMohamed S. El-Ridy
_ethesis advisor.
700 0 _aNabil I. Guirguis
_ethesis advisor.
700 0 _aAhmed Osman
_ethesis advisor.
900 _DDepartment of Zoology
_FFaculty of Science
_UCairo University
_b1995
_cRashika El-Rid
_cMohamed S. El-Ridy
_cNabil I. Guirguis,
_cAhmed Osman
905 _aNehad
942 _2ddc
_cTH
_e21
_n0
999 _c179413